00674 2200193 4500001002100000005001500021035002000036245013300056100001800189250002000207300004800227856003600275700008400311260003000395082000800425084001400433020002200447600001100469INLIS00000000114674620260211125654 a0010-02260003661 aSURAT SAHABAT PRANCIS /cPenulis; Teresa Fisher, Penerjemah; Rokoyah Andariani Amin, Editor; Tessa Febiani, Dwi Kartika Wardhani0 aTeresa Fisher aCetakan Pertama a32 HALAMAN :bIlustrasi ;c21X28 CMeKertas aPERPUSTAKAAN UMUM KOTA MAKASSAR0 aPenerjemah; Rokoyah Andariani Amin, Editor; Tessa Febiani, Dwi Kartika Wardhani aLondon :bERLANGGA,c2003 a397 a397 TER s a978-979-033-619-3 4aCERITA